Terena em sketch (Record no. 15897)

MARC details
000 -Etiqueta do registo
Valores 00460nam a2200169 4500
010 ## - Número ISBN
ISBN 9789899104181
021 ## - Número do Depósito Legal
Número 524327/23
100 ## - Dados gerais de processamento
Dados gerais 20240314d2023 m y0pory50030103ba
200 1# - Titulo e menção de responsabilidade
Título próprio Terena em sketch
Informação de outro título lugares de nós
Primeira menção de responsabilidade Carlos Ramos Fidalgo
205 ## - Menção da edição
Edição 1ª ed.
210 #9 - Publicação
Local de publicação Évora
Nome do editor Caminho das Palavras,
Data de publicação 2023
215 ## - Descrição física 
Paginação / Volumes 79, [3] p.
Outras indicações físicas il.
Dimensões 24 cm
700 #1 - Autor principal (pessoa individual)
Apelido Fidalgo,
Nome Carlos Ramos,
Datas 1976-
801 #0 - Fonte de origem
País PT
Agência BN
Regras de catalogação RPC
990 ## - Elementos KOHA
Tipo de documento Livro
Holdings
Situação do levantamento Estado Biblioteca de origem Código de barras Cota Permissão de empréstimo Tipo de documento Forma de aquisição
    Biblioteca Municipal do Alandroal 18031/24 725 FID   Livro Oferta

Powered by Koha